Welcome to CU Library Online Public Access Catalogue (OPAC)

Pediatric nursing made incredibly easy. (Record no. 4190)

MARC details
000 -LEADER
fixed length control field 00974cam a22002534a 4500
001 - CONTROL NUMBER
control field 13534799
005 - DATE AND TIME OF LATEST TRANSACTION
control field 20250223133914.0
008 - FIXED-LENGTH DATA ELEMENTS--GENERAL INFORMATION
fixed length control field 040323s2005 paua bf 001 0 eng
020 ## - INTERNATIONAL STANDARD BOOK NUMBER
International Standard Book Number 1582553475 (alk. paper)
050 00 - LIBRARY OF CONGRESS CALL NUMBER
Classification number RJ245
Item number .P426 2005
082 00 - DEWEY DECIMAL CLASSIFICATION NUMBER
Classification number 618.92/00231
Edition information 22
245 00 - TITLE STATEMENT
Title Pediatric nursing made incredibly easy.
260 ## - PUBLICATION, DISTRIBUTION, ETC.
Place of publication, distribution, etc. Philadelphia, Pa. :
Name of publisher, distributor, etc. Lippincott Williams & Wilkins,
Date of publication, distribution, etc. c2005.
300 ## - PHYSICAL DESCRIPTION
Extent vi, 634 p. :
Other physical details ill. ;
Dimensions 23 cm.
650 #0 - SUBJECT ADDED ENTRY--TOPICAL TERM
Topical term or geographic name entry element Pediatric nursing.
650 12 - SUBJECT ADDED ENTRY--TOPICAL TERM
Topical term or geographic name entry element Nursing Care
General subdivision methods
-- Adolescent
Form subdivision Handbooks.
650 12 - SUBJECT ADDED ENTRY--TOPICAL TERM
Topical term or geographic name entry element Nursing Care
General subdivision methods
-- Child
Form subdivision Handbooks.
650 12 - SUBJECT ADDED ENTRY--TOPICAL TERM
Topical term or geographic name entry element Nursing Care
General subdivision methods
-- Infant
Form subdivision Handbooks.
650 22 - SUBJECT ADDED ENTRY--TOPICAL TERM
Topical term or geographic name entry element Pediatric Nursing
General subdivision methods
Form subdivision Handbooks.
710 2# - ADDED ENTRY--CORPORATE NAME
Corporate name or jurisdiction name as entry element Lippincott Williams & Wilkins.
856 41 - ELECTRONIC LOCATION AND ACCESS
Materials specified Table of contents
Uniform Resource Identifier <a href="http://www.loc.gov/catdir/toc/ecip0416/2004006673.html">http://www.loc.gov/catdir/toc/ecip0416/2004006673.html</a>
856 42 - ELECTRONIC LOCATION AND ACCESS
Materials specified Publisher description
Uniform Resource Identifier <a href="http://www.loc.gov/catdir/enhancements/fy0712/2004006673-d.html">http://www.loc.gov/catdir/enhancements/fy0712/2004006673-d.html</a>
942 ## - ADDED ENTRY ELEMENTS (KOHA)
Source of classification or shelving scheme Library of Congress Classification
Koha item type Books
Suppress in OPAC No
999 ## -
-- 4190
-- 4190
Holdings
Withdrawn status Lost status Source of classification or shelving scheme Damaged status Not for loan Collection Home library Current library Shelving location Date acquired Total checkouts Full call number Barcode Date last seen Copy number Price effective from Koha item type
    Library of Congress Classification     Non-fiction Science Library (Miotso) Science Library (Miotso) General stacks 02/23/2025   RJ245 .P426 PED SLM00003813 02/23/2025 1 02/23/2025 Books
    Library of Congress Classification     Non-fiction Science Library (Miotso) Science Library (Miotso) General stacks 02/23/2025   RJ245 .P426 PED SLM00003814 02/23/2025 2 02/23/2025 Books
    Library of Congress Classification     Non-fiction Science Library (Miotso) Science Library (Miotso) General stacks 02/23/2025   RJ245 .P426 PED SLM00003815 02/23/2025 3 02/23/2025 Books
    Library of Congress Classification     Non-fiction Science Library (Miotso) Science Library (Miotso) General stacks 02/23/2025   RJ245 .P426 PED SLM00003816 02/23/2025 4 02/23/2025 Books
    Library of Congress Classification     Non-fiction Science Library (Miotso) Science Library (Miotso) General stacks 02/23/2025   RJ245 .P426 PED SLM00003817 02/23/2025 5 02/23/2025 Books
© 2023-2024 Copyright: Central University Libraries. All Rights Reserved | Created by: Mahone Tech Office